000 03143cam a22006734i 4500
003 PE-LiUPU
005 20250731170435.0
008 150625s1979 pr a rb 001 0 spa d
035 _a(Sirsi) a31002
040 _aPE-LiUPU
_bspa
_cPE-LiUPU
_erda
082 0 4 _a131.33
_bZ82
_221
082 0 4 _a131.33
_bZ82 1979
100 1 _aZimbardo, Philip G.,
_eautor.
245 1 3 _aLa timidez :
_bqué es, qué hacer con ella /
_cPhilip Zimbardo.
264 1 _aPuerto Rico :
_bFondo educativo interamericano,
_c1979.
300 _a304 páginas :
_bilustraciones ;
_c21 centimetros
336 _atext
_2rdacontent
337 _aunmediated
_2rdamedia
338 _avolume
_2rdacarrier
504 _aBibliografía: páginas 271-289.
504 _aÍndice: páginas 291-304.
505 _a¿Qué es la timidez?: Entender la timidez, El mundo personal del tímido, ¿Por qué tímido?, Padres, profesores y niños tímidos, Amigos amantes y desconocidos tímidos, De triste a malo ligeramente loco -- Que hacer acerca de la timidez: Entenderse a sí mismo, Entender su timidez, Aumentar su auto estimación, Desarrollar sus habilidades sociales, Ayudar a otros a vencer su timidez, Prevenir la timidez en la sociedad.
526 _aSEG68
526 _aSEG70
526 _aSEG69
526 _aSEG67
526 _aSEG43
526 _aP144
526 _aP143
526 _aP131
526 _aP122
526 _aP120
526 _aP117
526 _aP112
526 _aP110
526 _aP106
526 _aP101
526 _aP80
526 _aP59
526 _aP54
526 _aP35
526 _aP33
526 _aP30
910 _cigq
942 _2ddc
_cBOOK
949 _a131.33 Z82
_wDEWEY
_c1
_i29890
_lCCODEBUL1
_mBUL
_p00.00
_r0
_sY
_tBOOK
_u2015-06-25
_xBIBLIOTECA
_zUNKNOWN
_0COMPRA
_o.STAFF. Colección General
949 _a131.33 Z82
_wDEWEY
_c2
_i29891
_lCCODEBUL1
_mBUL
_p00.00
_r0
_sY
_tBOOK
_u2015-06-25
_xBIBLIOTECA
_zUNKNOWN
_0COMPRA
_o.STAFF. Colección General
949 _a131.33 Z82
_wDEWEY
_c3
_i29892
_lCCODEBUL1
_mBUL
_p00.00
_r0
_sY
_tBOOK
_u2015-06-25
_xBIBLIOTECA
_zUNKNOWN
_0COMPRA
_o.STAFF. Colección General
949 _a131.33 Z82 1979
_wDEWEY
_c1
_iFT00442
_lCCODEBUT1
_mBUT
_p{Dolar}22.00
_r0
_sY
_tBOOK
_u2015-06-27
_xFSALUD
_PP33
_0DONACION
_o.STAFF. Colección General Tarapoto
596 _a1 2
999 _a131.33 Z82
_wDEWEY
_c38509
_i29890
_d38509
_f2021-11-4
_g5
_lCCODEBUL1
_mBUL
_q1
_r0
_sY
_tBOOK
_u2015-6-25
_xBIBLIOTECA
_zUNKNOWN
_0COMPRA
_o.STAFF. Colección General
999 _a131.33 Z82
_wDEWEY
_c2
_i29891
_f2021-11-4
_g5
_lCCODEBUL1
_mBUL
_r0
_sY
_tBOOK
_u2015-6-25
_xBIBLIOTECA
_zUNKNOWN
_0COMPRA
_o.STAFF. Colección General
999 _a131.33 Z82
_wDEWEY
_c3
_i29892
_f2021-11-4
_g5
_lCCODEBUL1
_mBUL
_r0
_sY
_tBOOK
_u2015-6-25
_xBIBLIOTECA
_zUNKNOWN
_0COMPRA
_o.STAFF. Colección General
999 _a131.33 Z82 1979
_wDEWEY
_c1
_iFT00442
_d2019-8-7
_e2019-8-6
_f2019-2-20
_g2
_lCCODEBUT1
_mBUT
_n1
_p22.00
_r0
_sY
_tBOOK
_u2015-9-22
_xSALUD
_PP33
_0DONACION
_o.STAFF. Colección General Tarapoto
980 _81
_gALBERTO SANCHEZ Responsable de Automatización